000 00880nam a2200277Ia 4500
003 OSt
005 20221007122411.0
006 a|||||r|||| 00| 0
007 ta
008 221006b |||||||| |||| 00| 0 eng d
020 _a0387323023 (hbd)
024 _a83066
037 _b1690, 23/01/2009, New India Book Agency
_cTextbook
040 _aPAPL
_cPAPL
_beng
041 _2eng
_aeng
082 _aC:f3, P6 Carpa
100 _aPhelps Michael E Ed.
_9714223
245 0 _aPET:physics, instrumentation, and scanners
260 _aNew
_bYork Springer
_c2006
300 _avi, 130p.
_ccm.
500 _aReferences 118-124p.; Index 125-130p.
650 _a Instrumentation physics
_9714224
650 _aPhysics
942 _hC:f3, P6 Carpa
_cTB
_2CC
999 _c1210283
_d1210283